| 000 | 01157cam a2200373 i 4500 | ||
|---|---|---|---|
| 001 | 0000508 | ||
| 003 | DO-SdBNP | ||
| 005 | 20180123092418.0 | ||
| 007 | 0000508 | ||
| 008 | 100514s 2007sp | |||| 000 f spa | ||
| 015 | _a | ||
| 017 |
_a _b |
||
| 020 | _a9788466369589 | ||
| 035 | _a | ||
| 040 |
_aBPMSU _bspa _cBPMSU _e |
||
| 080 | _a | ||
| 082 |
_a869.342 _bS243a |
||
| 100 | 1 |
_aSaramago, José, _d1922-2010 |
|
| 240 | 1 | 2 |
_aO ano da morte de Ricardo Reis / _lEspañol |
| 245 | 1 | 3 |
_aEl año de la muerte de Ricardo Reis / _h _cJosé Saramago ; traducción Basilio Losada |
| 260 |
_aMadrid : _bSantillana Ediciones Generales, _c2007. |
||
| 300 |
_a506 p.; _c19 cm |
||
| 490 | 1 |
_aPunto de lectura _v3 / 13 |
|
| 500 | _aIncluye datos biográficos del autor. | ||
| 500 | _aTítulo original en portugués: O ano da morte de Ricardo Reis. | ||
| 586 | _aPremio Nobel de Literatura 1998. | ||
| 650 | 4 | _aNOVELA PORTUGUESA | |
| 650 | 4 | _aLITERATURA PORTUGUESA | |
| 700 | 1 | 2 |
_aLosada, Basilio, _etr. |
| 830 | 0 |
_aPunto de lectura _n3 / 13 |
|
| 942 |
_2ddc _cBK |
||
| 945 | _aInventariado extranjero / 2018 VM | ||
| 956 |
_aYLOCKWARD _810 _cBPMSU |
||
| 999 |
_c10779 _d10779 |
||